000 01747cam a22003498i 4500
001 22293778
003 EG-ScBUE
005 20230516102852.0
008 211101s2022 enka f b 001 0 eng d
020 _a9781350160569
040 _aDLC
_beng
_erda
_cDLC
_dEG-ScBUE
082 0 4 _a741.6072
_222
_bBES
100 1 _aBestley, Russell,
_eauthor.
245 1 0 _aVisual research :
_ban introduction to research methods in graphic design /
_cRussell Bestley, Paul McNeil.
250 _aFourth edition.
264 1 _aLondon ;
_aNew York :
_bBloomsbury,
_c2022.
300 _a250 pages :
_bcolor illustrations ;
_c24 cm
336 _atext
_btxt
_2rdacontent
337 _aunmediated
_bn
_2rdamedia
338 _avolume
_bnc
_2rdacarrier
504 _aIncludes bibliographical references and index.
520 _a"Packed with more than 200 colour illustrations, Visual Research explores a range of research methods that can be used by graphic designers and visual communicators in the development of clear and purposeful design solutions. The book introduces key terms and theories that underlie design research; examining the importance of visual grammar and design literacy, audience, communication theory and semiotics"--
_cProvided by publisher.
650 7 _aGraphic arts
_xResearch.
_2BUEsh
650 7 _aDesign
_xResearch.
_2BUEsh
653 _bART
_cMay2023
655 _vReading book
700 1 _aMcNeil, Paul
_c(Graphic designer),
_eauthor.
776 0 8 _iOnline version:
_aBestley, Russell.
_tVisual research.
_b4th edition
_dNew York : Bloomsbury Visual Arts, 2022
_z9781350160576
_w(DLC) 2021052908
906 _a7
_bcbc
_corignew
_d1
_eecip
_f20
_gy-gencatlg
942 _2ddc
_cBB
999 _c30402
_d30373